Statistics for Anglo-Saxon Kingdoms of England Map

Click here to take the quiz!

General Stats

  • This quiz has been taken 101 times
    (42 since last reset)
  • The average score is 5 of 7

Answer Stats

Answer % Correct
Northumbria
96%
Wessex
89%
Kent
68%
East Anglia
64%
Sussex
61%
Essex
57%
Mercia
54%

Score Distribution

Percentile by Number Answered

Percent of People with Each Score

Your Score History

You have not taken this quiz since the last reset